000 01216nam a2200325 i 4500
001 bg
245 0 0 _aInteligentne systemy w zarządzaniu :
_bteoria i praktyka /
_cpod red. Jerzego S. Zielińskiego ; [aut. Witold Bartkiewicz et al.] ; Fundacja Edukacyjna Przedsiębiorczości.
260 _aWarszawa :
_bWydaw. Naukowe PWN,
_c2000.
300 _a348, [2] s. :
_bil. ;
_c25 cm.
490 1 _aPrzedsiębiorczość
504 _aBibliogr. - Indeks.
650 9 _aAlgorytmy genetyczne
_xstosowanie
650 9 _aInformacja dla zarządzania
_xautomatyzacja
650 9 _aSieci neuronowe
_xstosowanie
650 9 _aSystemy ekspertowe
_xstosowanie
650 9 _aTeoria chaosu
_xstosowanie
650 9 _aZbiory rozmyte
_xstosowanie
700 1 _aZIELIŃSKI, Jerzy Stanisław.
_eRed.
700 1 _aBARTKIEWICZ, Witold
710 0 _aFundacja Edukacyjna Przedsiębiorczości
830 _aPrzedsiębiorczość
020 _a8301129689
040 _cBPK
041 0 _apl
080 _a004.891:004.032.26:004.421:51:65.01
920 _a83-01-12968-9
942 _cKS
008 s pl f |000 0 pol
999 _c41113
_d41113
856 _uhttp://koha.tu.koszalin.pl/cgi-bin/koha/opac-detail.pl?biblionumber=41113
_yKatalog online BPK